British value added tax reporter. (Record no. 103)
[ view plain ]
| 000 -LEADER | |
|---|---|
| fixed length control field | nam a22 a 4500 |
| 005 - DATE AND TIME OF LATEST TRANSACTION | |
| control field | 20170418092929.0 |
| 008 - FIXED-LENGTH DATA ELEMENTS--GENERAL INFORMATION | |
| fixed length control field | 170417t2008 -uk||||| |||| 00| 0 eng d |
| 020 ## - INTERNATIONAL STANDARD BOOK NUMBER | |
| International Standard Book Number | 9780863250712 (Set of five volumes) |
| 040 ## - CATALOGING SOURCE | |
| Original cataloging agency | AKMAL |
| 082 ## - DEWEY DECIMAL CLASSIFICATION NUMBER | |
| Classification number | 343.4105521 CCM |
| 090 ## - LOCALLY ASSIGNED LC-TYPE CALL NUMBER (OCLC); LOCAL CALL NUMBER (RLIN) | |
| Classification number (OCLC) (R) ; Classification number, CALL (RLIN) (NR) | 343.4105521 |
| Local cutter number (OCLC) ; Book number/undivided call number, CALL (RLIN) | CCM |
| 245 00 - TITLE STATEMENT | |
| Title | British value added tax reporter. |
| 246 1# - VARYING FORM OF TITLE | |
| Title proper/short title | CCH British value added tax reporter |
| Display text | Minor title change: |
| 260 ## - PUBLICATION, DISTRIBUTION, ETC. | |
| Place of publication, distribution, etc. | [Kingston-upon-Thames] : |
| Name of publisher, distributor, etc. | Wolters Kluwer |
| Date of publication, distribution, etc. | 2008 |
| 300 ## - PHYSICAL DESCRIPTION | |
| Extent | 5 v. (loose-leaf) ; |
| Dimensions | 26 cm. |
| 500 ## - GENERAL NOTE | |
| General note | "A set of five volumes containing detailed commentary on value added tax with legislation, official publications and forms, cases and indexes". |
| 500 ## - GENERAL NOTE | |
| General note | Description based on: volume 1 |
| 650 0# - SUBJECT ADDED ENTRY--TOPICAL TERM | |
| Topical term or geographic name entry element | Value-added tax |
| Form subdivision | Handbooks, manuals, etc. |
| General subdivision | Law and legislation |
| Geographic subdivision | Great Britain |
| 9 (RLIN) | 274 |
| 942 ## - ADDED ENTRY ELEMENTS (KOHA) | |
| Source of classification or shelving scheme | |
| Koha item type | Book |
| 950 ## - LOCAL HOLDINGS (RLIN) | |
| Permanent shelving location, LOC (RLIN) | AKMAL |
| Withdrawn status | Lost status | Source of classification or shelving scheme | Damaged status | Not for loan | Collection code | Home library | Current library | Shelving location | Date acquired | Inventory number | Total Checkouts | Full call number | Barcode | Date last seen | Price effective from | Koha item type |
|---|---|---|---|---|---|---|---|---|---|---|---|---|---|---|---|---|
| NON-FICTION | AKMAL Melaka | AKMAL Melaka | PINJAMAN | 17.04.2017 | 304365 (Volume 1) | 343.4105521 CCM | 201700172 | 17.04.2017 | 17.04.2017 | Book | ||||||
| NON-FICTION | AKMAL Melaka | AKMAL Melaka | PINJAMAN | 18.04.2017 | 304364 (Volume 2) | 343.4105521 CCM | 201700176 | 18.04.2017 | 18.04.2017 | Book | ||||||
| NON-FICTION | AKMAL Melaka | AKMAL Melaka | PINJAMAN | 18.04.2017 | 304363 (Volume 3) | 343.4105521 CCM | 201700175 | 18.04.2017 | 18.04.2017 | Book | ||||||
| NON-FICTION | AKMAL Melaka | AKMAL Melaka | PINJAMAN | 18.04.2017 | 304362 (Volume 4) | 343.4105521 CCM | 201700173 | 18.04.2017 | 18.04.2017 | Book | ||||||
| NON-FICTION | AKMAL Melaka | AKMAL Melaka | PINJAMAN | 18.04.2017 | 304361 (Volume 5) | 343.4105521 CCM | 201700170 | 18.04.2017 | 18.04.2017 | Book |
